Quizzes
Events
Quiz Creation
Community
Videos
Private Events
Remove Ads
Sign In
Join for FREE
Feedback
Dark Mode
Quiz Categories
Sports
Geography
Music
Movies
Television
Just For Fun
Miscellaneous
History
Literature
Language
Science
Gaming
Entertainment
Religion
Holiday
For Kids
Quiz Lab
Recent
Popular Today
Quiz Kudos Today
Editor Picks
Curator Picks
Quizzes by...
Day
Popularity
Type
Ratings
Length
Year
Community
Subscriptions
Recent Discussions
Orange Saloon
Badges
Playlists
Quests
Create
Leaderboards
Showdown
Live 5
Trivia Bingo
Activity
Puzzle Library
Sporcle Events
Private Events
Virtual Trivia
Globe League
Become a Host
Pub Owners
SporcleCon
Opinionation
Our Games
Videos
Blog
Mobile Apps
Partnerships
Remove Ads and Go Orange
Feedback
Literature
Harry Potter
A Song of Ice and Fire
The Hunger Games
Literary Character
Shakespeare
Book
Author
Novel
Poem
Young Adult
Children's Books
Play
Lord of the Rings
Literature
Harry Potter
A Song of Ice and Fire
The Hunger Games
Literary Character
Shakespeare
Book
Author
Novel
Poem
Young Adult
Children's Books
Play
Lord of the Rings
Random Quiz
Search Sporcle
×
Quiz Lab
Quiz Lab
Literature
Poem
Type in answers that appear in a list
Type in answers that appear in a list
Classic
Best Score? Go Orange.
A Lord of the Rings poem Stats
Can you name the song sang by Bilbo when he left the Shire after his birthday?
By
book
4m
51 Questions
295 Plays
295 Plays
295 Plays
Comments
Comments
Give Quiz Kudos
Give Quiz Kudos
-
- Ratings
hide this ad
Replay
Link that replays current quiz
Next Quiz
Link to next quiz in quiz playlist
You Got
0%
They Got
Avg Score
66%
Avg Friend Score
Upgrade to see
Score Distribution
Jump to the score distribution portion of the page
Score
0/51
Timer
04:00
0
Plays Today
% Correct
The
96.3%
the
96.3%
the
96.3%
I
93.2%
I
93.2%
I
93.2%
on
90.2%
on
90.2%
and
88.8%
And
88.8%
and
88.8%
And
88.8%
Road
84.7%
goes
84.7%
it
84.7%
Road
84.7%
it
84.7%
it
84.7%
ever
83.7%
where
79.7%
Where
79.7%
from
78.3%
began.
76.6%
Down
74.2%
door
72.5%
can,
69.8%
% Correct
if
69.2%
follow,
63.7%
must
63.4%
far
55.6%
has
53.2%
Now
52.9%
gone,
51.2%
feet,
49.8%
with
49.2%
ahead
48.8%
way
47.8%
then?
47.5%
weary
46.1%
cannot
45.1%
say.
45.1%
meet.
44.4%
Until
41.7%
many
41.7%
some
41.4%
paths
41%
Pursuing
39%
larger
39%
errands
36.9%
whither
36.9%
joins
36.6%
Quiz Playlist
Details
Report
Send in Message
Add To Playlist
Classic:
Type in answers that appear in a list
Last Updated: Feb 16, 2017
Quiz Scoreboard
CHALLENGE
Sign Up to Join the Scoreboard
Show All
Scores
Hide
Comments
May contain spoilers
Recently Published
1-10 Letter E Words III
by El_Dandy
Language
2m
One Thing in Common: World Cities II
by knightlancer
Geography
7m
Popular People in 1961
by mucciniale
History
6m
More to Explore
Quiz From the Vault
Featured Blog Post
Where Did the Easter Bunny Come From?
hide this ad
You Might Also Like...
Tags
Poem Quiz
lord
Ring
Today's Top Quizzes in Literature
Browse Literature
hide this ad
Today's Top Quizzes in Poem
Browse Poem
Top Contributed Quizzes in Literature
1
Sneaky Slytherin Logic Puzzle
2
Get The Picture: Black or White Literature
3
One Thing in Common: Literature
4
Weasley Family Reunion: Logic Puzzle
5
Lily Potter Start to Finish
6
James Potter Start to Finish
7
ASOIAF Logic Puzzle [Difficult] [Read Note first!!]
8
One piece logic quiz 3 (Hard difficulty)
9
One Thing in Common: Books
10
Harry Potter and the Philosopher's Stone Logic Puzzle
Explore More
Trending Topics
Marvel
Harry Potter
NBA
Crossword
Kpop
Disney
Anime
Pokémon
WWE
Soccer
NFL
Country
Song
The Office
Puzzle
hide this ad
More By:
book
Quiz
Plays
Rating
Category
Featured
Created
A Lord of the Rings poem
295
4.80
Literature
May 4, 2011
The Sea of Trolls
78
Literature
Apr 13, 2011
Go to Creator's Profile
Score Distribution
Quiz Creator Spotlight
book
Follow
Send a Message
Quizzes Created
-
Created Quiz Play Count
-
More By This Creator
Popular Quizzes Today
1
Find the US States - No Outlines Minefield
2
The Countries of the World
3
Find the Countries of Europe - No Outlines Minefield
4
Popular People in 1961
5
1-10 Letter E Words III
6
Find the US States
7
One Thing in Common: World Cities II
8
US States
More Literature Quizzes
Vowel-less Hunger Games Characters
Curator's Pick
Trending Quizzes
Risky Map Clicking: Least Populous States A-Z
1-10 Letter F Words
1-10 Letter G Words
One Thing in Common: United Kingdom
Risky Map Clicking: Next State Alphabetically
Recently Updated
Leaping Animals
pecheneg
Reality TV Shows (A-Z)
bhenderson79
Rickey Henderson's Hall of Fame Teammates
pecheneg
Champions League XIs: Arsenal
pecheneg
Quick Pick: Celebrities in WWE's Hall of Fame
aduchscher
A-Z Keypad Blitz II
pecheneg
Multiple Oscar Actors
pecheneg
Mystery Phrase Blitz: Oscar 'Best Actors'
pecheneg
F. Scott Fitzgerald Novels
LTH
Pick 3 Villains
ddd62291
Trending Topics
Disney
Anime
Crossword
Harry Potter
Kpop
Marvel
NBA
The Office
Puzzle
Pokémon
Soccer
Song
Country
WWE
NFL
Your Account Isn't Verified!
In order to create a playlist on Sporcle, you need to verify the email address you used during registration. Go to your
Sporcle Settings
to finish the process.
Report this User
Report this user for behavior that violates our
Community Guidelines
.
Details:
Send Report
Go to the Sporcle.com Mobile Site →
Comments